History Quiz

Random History or Year Quiz
Score 0/25 Timer 08:00
0 Plays Today
% Correct
George Washington
91.4%
George S. Patton
88.5%
Robert E. Lee
86.8%
Ho Chi Minh
85.8%
Kim II-Sung
81.7%
Napoleon Bonaparte
80.2%
David Petraeus
78.8%
William the Conqueror
72.2%
Wilhelm II
71.3%
Theodore Roosevelt
67.3%
Julius Caesar
58.8%
Santa Anna
58%
William Henry Harrison
55.8%
% Correct
Oliver Cromwell
55.7%
Leonidas I
55.2%
Genghis Khan
54.2%
Hannibal
52.4%
William Wallace
51.1%
Joan of Arc
50.8%
Richard of York
43.4%
Saladin
40.9%
Mehmed the Conqueror
39.3%
Nicholas I
39%
Gustavus Adolphus
28.5%
Frederick the Great
27.5%
Remove Ads.
Support Sporcle.
Get the best of Sporcle when you Go Orange. This ad-free experience offers more features, more stats, and more fun while also helping to support Sporcle. Thank you for becoming a member.

You're not logged in!

Compare scores with friends on all Sporcle quizzes.
OR
Log In

Show Comments

Extras

Top Quizzes Today


Score Distribution

Your Account Isn't Verified!

In order to create a playlist on Sporcle, you need to verify the email address you used during registration. Go to your Sporcle Settings to finish the process.

Report this User

Report this user for behavior that violates our Community Guidelines.

Details: